Visits of officers and enlisted personnel to Canada and Mexico.

Bibliographic Details
Corporate Author: United States. Navy Department. Bureau of Navigation
Format: Government Document eBook
Language:English
Published: Washington : [publisher not identified], 1932.
Series:Navigation Bur. Circ. Letter No. 1932/56
Subjects:
Online Access:Connect to the full text of this electronic document

MARC

Tag First Indicator Second Indicator Subfields
LEADER 00000cam a22000001a 4500
001 in00003773021
005 20190408185643.0
006 m o d f
007 cr bn mmmapmmp
008 040322s1932 dcu o f000 0 eng d
035 |a ebd1910602740 
040 |a UMI  |c UMI  |d UtOrBLW 
086 0 |a N 17.20:932/56 
099 |a N17.20-16.56 
245 0 0 |a Visits of officers and enlisted personnel to Canada and Mexico. 
264 1 |a Washington :  |b [publisher not identified],  |c 1932. 
300 |a 1 online resource (1 pages) 
336 |a text  |b txt  |2 rdacontent 
337 |a computer  |b c  |2 rdamedia 
338 |a online resource  |b cr  |2 rdacarrier 
490 0 |a Navigation Bur. Circ. Letter No. 1932/56 
500 |a [while on Navy leave]. 
500 |a Record is based on bibliographic data in ProQuest U.S. Executive Branch Documents, 1910-1932. Reuse except for individual research requires license from ProQuest, LLC. 
533 |a Electronic reproduction.  |b [Bethesda, Md.] :  |c ProQuest,  |d 2012.  |e digital, PDF file.  |n ProQuest U.S. Executive Branch Documents, 1910-1932.  |n Mode of access: World Wide Web via ProQuest website. 
538 |a System requirements: PDF reader software. 
500 |a Electronic resource. 
650 0 |a Civil service  |x Furloughs.  |0 http://id.loc.gov/authorities/subjects/sh85026389 
650 0 |a Leaves.  |0 http://id.loc.gov/authorities/subjects/sh85075608 
651 0 |a Canada.  |0 http://id.loc.gov/authorities/names/n79007233 
651 0 |a Mexico.  |0 http://id.loc.gov/authorities/names/n81013960 
655 7 |a Electronic books.  |2 local 
650 0 |a Missionaries  |x Leaves and furloughs.  |0 http://id.loc.gov/authorities/subjects/sh85086019 
650 0 |a Prison furloughs.  |0 http://id.loc.gov/authorities/subjects/sh85106927 
710 1 |a United States.  |b Navy Department.  |b Bureau of Navigation.  |0 http://id.loc.gov/authorities/names/n88016030 
776 1 8 |i Microfiche version:  |t Visits of officers and enlisted personnel to Canada and Mexico  |o CIS US Exec MF N17.20-16.56  |w (ProQuest)cis19163120 
856 4 0 |u http://proxy.library.tamu.edu/login?url=http://congressional.proquest.com/congressional/docview/t66.d71.n17.20-16.56  |z Connect to the full text of this electronic document  |t 0 
999 f f |s d96068b9-b1e5-3063-a182-5855c3f3f7ca  |i f31ea65d-e61a-3e71-9d9c-296a0541a1f8  |t 0 
952 f f |a Texas A&M University  |b College Station  |c Electronic Resources  |d Available Online  |t 0  |h No information provided 
998 f f |t 0  |l Available Online